| 000 | 00405nam a2200145Ia 4500 | ||
|---|---|---|---|
| 008 | 230917s9999||||xx |||||||||||||| ||und|| | ||
| 040 |
_e24511 _aMAIN |
||
| 041 | _aEnglish | ||
| 082 | _a150 A78Q | ||
| 100 | _aAssociation of Indian Universities | ||
| 245 | 0 | _aQuestion bank book series 08: Psychology | |
| 260 |
_aNew Delhi _bAssociation of Indian Universities _c1977 |
||
| 300 | _a596 p. | ||
| 942 | _cBK | ||
| 999 |
_c152035 _d152035 |
||